| 000 | 01586nam0a2200349 4500 | ||
|---|---|---|---|
| 001 | RU\NLR\bibl\1160274 | ||
| 005 | 20260405143800.0 | ||
| 010 |
_a978-5-7516-0650-3 _94000 |
||
| 035 | _a(nilc)IZD\AST\2007\735687 | ||
| 035 | _a(NLR Aleph) 001147024 | ||
| 090 |
_a1453707 _c1453707 |
||
| 100 | _a20070925d2007 |||y0rusy50 ca | ||
| 101 | 1 |
_arus _cfre |
|
| 102 | _aRU | ||
| 105 | _aa ||||||||| | ||
| 200 | 1 |
_aЛуи де Фюнес _eне говорите обо мне слишком много, дети мои! _fПатрик де Фюнес, Оливье де Фюнес _gпер. с фр. А. Брагинского |
|
| 210 |
_aМосква _cТекст _d2007 |
||
| 215 |
_a202, [2] с., [8] л. ил., портр. _d21 |
||
| 300 | _aЗагл. и авт. ориг.: Louis de Funes / Patrick et Olivier de Funes | ||
| 454 | 0 |
_12001#$aLouis de Funes$zfre _1700#1$aFunes$bP.$gPatrick de$4070 _1701#1$aFunes$bO.$gOlivier de$4070 _tLouis de Funes _aFunes, Patrick de |
|
| 600 | 1 |
_aФюнес _bЛ. _f1914 - 1983 _gЛуи де _92496602 _3RU\NLR\auth\661481000 |
|
| 686 |
_a0881 _aХудожественно-игровое кино _2TCC-BG |
||
| 686 | _aЩ374.3(4Фр)6-86Фюнес | ||
| 700 | 1 |
_aФюнес _bП. _gПатрик де _4070 |
|
| 701 | 1 |
_aФюнес _bО. _gОливье де _4070 |
|
| 702 | 1 |
_4570 _7ca _8rus _aФюнес _bЛ. де _f1914-1983 _gЛуи де _942410 _3RU\NLR\auth\7759479 |
|
| 801 | 0 |
_aRU _bЛИБНЕТ _c20070925 |
|
| 801 | 1 |
_aRU _bЦУНБ Москва _c20071002 _2rusmarc |
|
| 801 | 2 |
_aRU _bNLR _c20071128 _grcr |
|
| 942 | _cBOOK | ||
| 980 | _aNB | ||